00306 2200133 4500001002100000005001500021035002000036245005200056300000700108260002500115082000800140084001200148990001200160INLIS00000000000213820250527112939 a0010-0525000430 aPercobaan dengan Bunyi /cS. Lela, Wahyu Untara a58 bBengawan Ilmu,c2007 a500 a500 PER a0713237